Responses for show #3426 - Monday, June 28, 1999

Armed Forces Week game 1.

Contestants

Michael Greer, an Air Force information manager originally from Chicago, Illinois, now stationed at Ramstein, Germany

Jennifer Junnila, an Army family practice physician originally from Seattle, Washington, now stationed at Heidelberg, Germany

Jeff Krause, a Navy aviator originally from Allentown, Pennsylvania, now stationed at Sigonella, Italy

Jeopardy! Round responses

EX-MARINES
HAIL TO THE CHIEF
THE SPORT PLAYED
BODY PARTS
MILITARY ASTROLOGY
4-LETTER WORDS
(Alex: The military is not familiar with these, usually!)
    $100 1
Lee Harvey Oswald

Jennifer
    $100 12
Abraham Lincoln

Michael
    $100 13
baseball

Jennifer
    $100 2
ribs

Michael
    $100 3
crab

Jennifer
    $100 11
door

Michael
    $200 6
Oliver North

Jeff
    $200 17
Andrew Jackson

Jeff
    $200 21
football

Jeff
    $200 4
spine

Jennifer
    $200 15
Scorpio

Jennifer
    $200 14
fire

Michael
    $300 7
(Michael: Who is Jim Nabors?)

George Jones

Michael
Triple Stumper
    $300 18
Lyndon Johnson

Jeff
    $300 22
hockey

Michael
    $300 5
muscles

Jeff
    $300 26
Virgo

Michael
    $300 16
sped (Speed)

Michael
    $400 8
Mir

Jennifer
    $600 19
Theodore Roosevelt

Jeff
    $400 23
tennis

Michael
    $400 9
(Jeff: What are corpuscles?)

capillaries

JeffJennifer
    $400 27
(Jeff: What is Aries?)

Capricorn

JeffMichael
    $400 25
dell

Michael
    $500 29
[buzzer sounds to end the round]

Sam Peckinpah

Michael
    $500 20
John Quincy Adams

Michael
    $500 24
(Alex: Less than a minute to go.)

golf

Michael
    $500 10
lens

Jennifer
    $500 28
Sagittarius

Jeff

Scores at the first commercial break (after clue 13):

Jeff Jennifer Michael
$100 $1,800 $0

Scores at the end of the Jeopardy! Round:

Jeff Jennifer Michael
$1,500 $2,000 $3,800

Double Jeopardy! Round responses

BODIES OF WATER
BETTER KNOWN AS...
ASSASSINATIONS
WESTERNS
NASHVILLE
"SOLDIER"S & "SAILOR"S
    $200 11
Lake Superior

Michael
    $200 2
Desi Arnaz

Jennifer
    $200 1
Mohandas K. Gandhi

Michael
    $200 16
Dollars

Michael
    $200 23
Revolutionary War

Jeff
    $200 21
(Michael: Who is Popeye?)
(Alex: Need more...)

"I'm Popeye the Sailorman"

JenniferMichael
    $400 12
Persian Gulf

Michael
    $400 3
Kareem Abdul-Jabbar

Jeff
    $400 4
Russia

Jennifer
    $400 17
Blazing Saddles

Michael
    $400 24
(Jeff: What is Beale Street?)
....
(Alex: We have less than a minute to go.)

Music Square

Jeff
Triple Stumper
    $400 22
Christian soldiers

Michael
    $1,000 13
(Michael: What is the River Galilee?)

River Jordan

Michael
    $600 5
Bette Davis

Jennifer
    $600 7
Adolf Hitler

Jeff
    $600 18
True Grit

Jeff
    $600 27
Tennessee Titans

Triple Stumper
    $600 25
"Soldier Boy"

Jennifer
    $800 14
Mekong

Jeff
    $800 6
Penny Marshall

Michael
    $800 8
William McKinley

Michael
    $800 19
The Magnificent Seven

Triple Stumper
    $800 29
(Michael: Who is Perry?)

Cornelius Vanderbilt

JeffMichael
    $800 28
a drunken sailor

Jeff
    $1000 15
Lake Geneva

Jennifer
    $1000 9
Maria Callas

Michael
    $1000 10
Jean-Paul Marat (in a painting by Jacques-Louis David)

Jeff
    $2,000 20
Wyatt Earp

Jeff
    $1000 30
the Parthenon

Jeff
    $1000 26
soldier of fortune

Michael

Scores at the end of the Double Jeopardy! Round:

Jeff Jennifer Michael
$9,300 $5,000 $7,200

[wagering suggestions for these scores]

Final Jeopardy! Round responses

WORLD OF TELEVISION
JenniferWhat is Star Trek?
$3,500
MichaelWhat is The X-Files?
$7,200
JeffWhat is the X-Files
$8,700
The X-Files

Final scores:

Jeff Jennifer Michael
$18,000 $1,500 $14,400
Winner: $18,000; week's big winner has total doubled 3rd place: Panasonic 13" Color TV & VCR Combo & LCD Palmcorder 2nd place: Intel Create & Share Camera Pack & Micron Millennium Max Computer

Game dynamics:

Coryat scores:

Jeff Jennifer Michael
$8,100 $5,000 $8,200
17 R
(including 2 DDs),
3 W
14 R,
0 W
23 R,
4 W
(including 1 DD)

Combined Coryat: $21,300

The J! Archive is created by fans, for fans. The Jeopardy! game show and all elements thereof, including but not limited to copyright and trademark thereto, are the property of Jeopardy Productions, Inc. and are protected under law. This website is not affiliated with, sponsored by, or operated by Jeopardy Productions, Inc. Join the discussion at JBoard.tv.